Wszyscy Mistrzowie Europy W Piłce Nożnej - Statystyki

Ogólne statystyki
  • Ten quiz został rozwiązany 495 razy
  • Średni wynik to 9 z 10
Statystyki odpowiedzi
Lata w Których Kraj Zdobywał mistrzowstwo Odpowiedź % Poprawnych
1964/2008/2012 Hiszpania
98%
1984/2000 Francja
97%
2016 Portugalia
97%
1972/1980/1996 Niemcy
96%
1968/2020 Włochy
94%
2004 Grecja
86%
1960 Rosja
85%
1988 Holandia
80%
1992 Dania
75%
1976 Czechy
59%
Nie znaleziono quizów pasujących do podanych kryteriów
Rozkład punktacji
Procent ludzi z każdym wynikiem
Percentyl według liczby udzielonych odpowiedzi
Twoja historia wyników
Nie rozwiązałeś tego quizu